| 000 | 02516nmm a2200421 a 4500 | ||
|---|---|---|---|
| 003 | CHAP | ||
| 005 | 20240610143857.0 | ||
| 007 | co ag |||aaaaa | ||
| 008 | 000417s1994 mx III a 0 10 spa d | ||
| 010 | _a80857 | ||
| 011 | _a81829 | ||
| 020 | _a9701304918 | ||
| 035 | _a92310 | ||
| 040 | _cCHAP | ||
| 041 | _aspa | ||
| 090 | _aCD-30 | ||
| 110 | 0 |
_aInstituto Nacional de Estadística, Geografía e Informática. México _959304 |
|
| 245 | 1 | 4 |
_aLos municipios de México : _h[disco compacto] _binformación censal _c/por Instituto Nacional de Estadística, Geografía e Informática |
| 264 | 1 |
_aAguascalientes, Ags. : _bInstituto Nacional de Estadística, Geografía e Informática, _c1994. |
|
| 300 |
_a1 disco compacto (CD) _c4 3/4 pulgadas (12 cm) _e+ 1 instructivo |
||
| 336 |
_2rdacontent _atexto _btxt |
||
| 337 |
_2rdacarrier _aordenador _bc |
||
| 338 |
_2rdacarrier _adisco de computadora _bcd |
||
| 516 | _aDatos numéricos. | ||
| 520 | _aLos Municipios de México, Información Censal, contiene información básica con desglose estatal y municipal, de los Censos Económicos de 1989, del XI Censo General de Población y Vivienda, 1990 y de los VII Censos Agrícola-Ganadero y Ejidal, 1991. Entre los que se encuentran diversos indicadores que reflejan el estados de la economía del país en el momento censal (1989); las principales características demográficas, educativas,, económicas y de vivienda de la población; y las principales características de la estructuran productiva del sector agropecuario, forestal y de los ejidos y comunidades agrarias. | ||
| 538 | _aPara el buen funcionamiento del sistema se requiere de un equipo con la siguiente configuración: Computadora PC AT (286,386, 486). ó Pentium; Sistema Operativo 3.0 ó mayor; Memoria RAM Base disponible de 500 Kbytes; Disco duro ó unidad de discos flexibles); Dispositivo ratón (Mouse); Unidad lectora de discos compactos Coprocesador matemático (opcional); Memoria extendida ó expandida (opcional); Impresora de matriz de puntos-compatible con Espon-(opcional). | ||
| 546 | _aTexto en español. | ||
| 590 |
_aBATCH-UPD _b10 _c20130110 |
||
| 590 |
_aBATCH-UPD _b10 _c20130410 |
||
| 590 |
_aBATCH-UPD _b10 _c20130914 |
||
| 590 |
_aCONVERSION _b10 _c20130109 |
||
| 650 | 1 | 4 |
_aCensos. _920990 |
| 650 | 1 | 4 |
_aMéxico _xCondiciones económicas. |
| 650 | 1 | 4 |
_aMéxico _xGeografía. _976748 |
| 905 | _aMayto Villalobos S. | ||
| 942 |
_cCD _2local |
||
| 949 |
_aCD-30 _bBC _cCD _d33724000777322 _eCD _i92310 _sb |
||
| 999 |
_c80857 _d80857 |
||